000 00565nam a22001937a 4500
005 20251108165209.0
008 250721s1977 xx 000 0 ara d
082 1 4 _a910.4/لاف
100 1 _aلافون، روبرت
245 1 0 _aالسياحة و أوقات الفراغ /
264 1 _aجنيف :
_bشركة ترادكسيم،
_c1977.
300 _a144ص : مصور
490 0 _aقضايا الساعه ؛4
650 1 7 _aالسفر
650 1 7 _aالسياحه
700 1 _aالأزلفي، أحمد
_eترجمة
942 _2ddc
_cBK
999 _c21867
_d21867